000 00311nam a22001337a 4500
020 _a07-072740-6
082 _a621.381 ZBA'I
100 _aZBAR, PAUL B
_974617
245 _aINDUSTRIAL ELCETRONICS A TEXT LAB MANUAL
250 _a2ND
260 _aNEWYORK
_bMCGRAW HILL
_c1972
300 _a264P
942 _cBK
999 _c582257
_d582257